000 00801cam a2200277 a 4500
001 2942287
003 OSt
005 20140310182722.0
008 900831s1991 njua 001 0 eng
010 _a 90014217
_z 90014218
020 _a9716560524
040 _aDLC
_cDLC
_dDLC
050 0 0 _aQA 76.5
_b.L655 1994
100 1 _aLong, Larry E.
245 1 0 _aIntroduction to computers and information processing /
_cLarry Long.
250 _a4th ed.
260 _aEnglewood Cliffs, N.J. :
_bPrentice Hall,
_c1994.
300 _axxii, 462 p. :
_bcol. ill. ;
_c26 cm.
521 _aIT
650 0 _aElectronic digital computers.
650 0 _aElectronic data processing.
906 _a7
_bcbc
_corignew
_d1
_eocip
_f19
_gy-gencatlg
942 _2lcc
_cBK
_kFOR
999 _c15357
_d15357